Welcome to the Holygrace Academy Library

Please use search bar below to get started

JULIUS CAESAR (Record no. 7073)

MARC details
000 -LEADER
fixed length control field 00334nam a22001337a 4500
020 ## - INTERNATIONAL STANDARD BOOK NUMBER
ISBN 978-93-86208-67-5
082 ## - DEWEY DECIMAL CLASSIFICATION NUMBER
Classification number 894.812
Item number WIL/J
100 ## - MAIN ENTRY--AUTHOR NAME
Personal name WILLIAM SHAKESPEARE
245 ## - TITLE STATEMENT
Title JULIUS CAESAR
260 ## - PUBLICATION, DISTRIBUTION, ETC. (IMPRINT)
Place of publication THRISSUR
Name of publisher H & C PUBLISHING HOUSE
Year of publication 2020
300 ## - PHYSICAL DESCRIPTION
Number of Pages 48
650 ## - SUBJECT ADDED ENTRY--TOPICAL TERM
Topical Term MALAYALAM/ CHILDREN'S LITERATURE
Geographic subdivision KERALA
942 ## - ADDED ENTRY ELEMENTS (KOHA)
Koha item type Books
Holdings
Withdrawn status Lost status Collection code Home library Current library Shelving location Date acquired Source of acquisition Cost, normal purchase price Full call number Accession Number Koha item type
    Fiction Main Library Main Library NEW SHELF WITH NEW ENTRY 26/10/2023 purchase 40.00 894.812 WIL/J 13231 Books